000 00892nam a2200229 a 4500
005 20160128104454.0
008 850709s1985 enkaf bc f000 0 eng
020 _a0714115738
040 _aDLC
_cDLC
_dDLC
_dCO-BoIAVH
041 0 _aeng
044 _aenk
082 0 4 _a305.8
_bH63p
245 0 4 _aThe Hidden peoples of the Amazon /
_cElizabeth Carmichael ... [et al.].
260 _aLondon :
_bPublished for the Trustees of the British Museum by British Museum Publications,
_cc1985.
300 _a96 páginas, [8] páginas de placas :
_bilustraciones (algunas a color) ;
_c25 x 22 cm.
504 _aIncluye referencias bibliográficas (páginas 95-96).
650 4 _aIndígenas
_zSuramérica
_zAmazonas
_xExhibiciones.
650 4 _aMuseo de la humanidad
_xExhibiciones.
700 1 _aCarmichael, Elizabeth.
710 2 _aMuseum of Mankind.
942 _2ddc
_cLIBRO
999 _c2264
_d2264